Study on using dry sesbania leave in feed ingredient on growing of quail at the research station of royal university of agriculture, សិក្សាលើការប្រើប្រាស់ស្លឹកអង្គាដីក្រៀមជាចំណីផ្សំទៅលើការលូតលាស់របស់ក្រូចនៅស្ថានីយពិសោធន៍សត្វនៃសាកលវិទ្យាល័យភូមិន្ទកសិកម្ម (Record no. 2456)

000 -LEADER
fixed length control field 00855nam a22001337a 4500
040 ## - CATALOGING SOURCE
Transcribing agency RUA
082 ## - DEWEY DECIMAL CLASSIFICATION NUMBER
Classification number AVM CHH 2010 B096 Or.1
100 ## - MAIN ENTRY--AUTHOR NAME
Personal name CHHOUEN, CHANTHOAN.
245 ## - TITLE STATEMENT
Title Study on using dry sesbania leave in feed ingredient on growing of quail at the research station of royal university of agriculture, សិក្សាលើការប្រើប្រាស់ស្លឹកអង្គាដីក្រៀមជាចំណីផ្សំទៅលើការលូតលាស់របស់ក្រូចនៅស្ថានីយពិសោធន៍សត្វនៃសាកលវិទ្យាល័យភូមិន្ទកសិកម្ម
260 ## - PUBLICATION, DISTRIBUTION, ETC. (IMPRINT)
Place of publication Phnom Penh
Name of publisher RUA
Year of publication 2010
300 ## - PHYSICAL DESCRIPTION
Number of Pages viii; 37p.
Other physical details ill.
Dimensions 29cm.
856 ## - ELECTRONIC LOCATION AND ACCESS
Uniform Resource Identifier https://drive.google.com/file/d/1dWedRNc847P_C698RiVEPh6ZUlmeYHZC/view?usp=sharing
942 ## - ADDED ENTRY ELEMENTS (KOHA)
Koha item type AVM
952 ## - LOCATION AND ITEM INFORMATION (KOHA)
Withdrawn status [LOCAL, KOHA] 0
952 ## - LOCATION AND ITEM INFORMATION (KOHA)
Withdrawn status [LOCAL, KOHA] 0
952 ## - LOCATION AND ITEM INFORMATION (KOHA)
Withdrawn status [LOCAL, KOHA] 0
952 ## - LOCATION AND ITEM INFORMATION (KOHA)
Withdrawn status [LOCAL, KOHA] 0
952 ## - LOCATION AND ITEM INFORMATION (KOHA)
Withdrawn status [LOCAL, KOHA] 0
952 ## - LOCATION AND ITEM INFORMATION (KOHA)
Withdrawn status [LOCAL, KOHA] 0
952 ## - LOCATION AND ITEM INFORMATION (KOHA)
Withdrawn status [LOCAL, KOHA] 0
952 ## - LOCATION AND ITEM INFORMATION (KOHA)
Withdrawn status [LOCAL, KOHA] 0
Holdings
Permanent Location Date acquired Koha item type Lost status Shelving location Barcode Current Location Full call number
Library Block B2015-10-21AVM B096RUA019993Library Block BAVM CHH 2010 B096 Or.1
Library Block B2015-10-21AVM B096RUA019930Library Block BAVM CHH 2010 B096 Or.2
Library Block B2015-10-21AVM B096RUA020149Library Block BAVM CHH 2010 B096 Or.3
Library Block B2015-10-21AVM B096RUA020225Library Block BAVM CHH 2010 B096 Or.4
Library Block B2015-10-21AVM B096RUA020269Library Block BAVM CHH 2010 B096 Or.5
Library Block B2015-10-21AVM B096RUA020197Library Block BAVM CHH 2010 B096 Or.6
Library Block B2015-10-21AVM B096RUA020296Library Block BAVM CHH 2010 B096 Or.7
Library Block B2019-06-29AVM B1.238A36635Library Block BAVM CHH 2010 B1.238 Or.1
មជ្ឈមណ្ឌលឯការនៃសាកលវិទ្យាល័យភូមិន្ទកសិកម្មចំការដូង

Powered by Koha